000 00504nam a2200181Ia 4500
001 18535
005 20260306171637.0
008 260306s9999||||xx |||||||||||||| ||und||
041 _aESP
082 _a658.408
_bB141
100 _aBhattacharya, C.B.
_eAUT
245 0 _aLeveraging corporate responsibility:
_bthe stakeholder route to maximizing business and social value
260 _c2012
300 _axiii, 326 páginas :
_c23 cm.
650 _aGEN
654 _aCAN
942 _cLIB
_dJUS
_fJUS
_2ddc
_n
999 _c18535
_d18535